Recuperación de glicerina a partir de subproductos provenientes de la fabricación de biocombustibles
保存先:
| 第一著者: | |
|---|---|
| その他の著者: | |
| フォーマット: | 図書 |
| 言語: | Spanish |
| 出版事項: |
San José, Costa Rica
2022.
|
| 主題: | |
| タグ: |
タグ追加
タグなし, このレコードへの初めてのタグを付けませんか!
|
MARC
| LEADER | 00000nam a2200000Ia 4500 | ||
|---|---|---|---|
| 003 | 013521 | ||
| 005 | 20230411131540.0 | ||
| 008 | 140114s2022 cr a 000 ||spa d | ||
| 040 | |c cru CEDI | ||
| 100 | |a Jiménez Navarro, Jonathan Andrés, 1988- |9 332 | ||
| 245 | |a Recuperación de glicerina a partir de subproductos provenientes de la fabricación de biocombustibles | ||
| 260 | |a San José, Costa Rica |c 2022. | ||
| 500 | |a Práctica dirigida (licenciatura en ingeniería química)--Universidad de Costa Rica. Facultad de Ingeniería. Escuela de Ingeniería Química | ||
| 501 | |a Director de Práctica Dirigida de Graduación: Ing. Adolfo Ulate Brenes, M.Sc. | ||
| 650 | |x ENERGIA BIOMASICA - PRODUCCION - COSTA RICA |x GLICERINA - ANALISIS QUIMICO | ||
| 700 | |a Ulate Brenes, Adolfo Mauricio,1977- |d Director del TFG |9 20 | ||
| 942 | |c CEDI |h TFG 8672 |6 TFG_8672_000000000000000 | ||
| 999 | |c 22023 |d 22023 | ||
